Microsoft Office 2003: (Record no. 8334)

MARC details
000 -LEADER
fixed length control field 00620nam a22001937a 4500
003 - CONTROL NUMBER IDENTIFIER
control field OSt
005 - DATE AND TIME OF LATEST TRANSACTION
control field 20240515120551.0
008 - FIXED-LENGTH DATA ELEMENTS--GENERAL INFORMATION
fixed length control field 240515b |||||||| |||| 00| 0 eng d
020 ## - INTERNATIONAL STANDARD BOOK NUMBER
International Standard Book Number 0072229950
040 ## - CATALOGING SOURCE
Transcribing agency MUST
082 ## - DEWEY DECIMAL CLASSIFICATION NUMBER
Edition number 004 KET 2003
100 ## - MAIN ENTRY--PERSONAL NAME
Personal name Kettle, Jennifer Ackerman
9 (RLIN) 16982
245 ## - TITLE STATEMENT
Title Microsoft Office 2003:
Remainder of title The complete Reference/
Statement of responsibility, etc. Jennifer Ackerman Kettell, GuyGart-Davis, Curt Simmons
260 ## - PUBLICATION, DISTRIBUTION, ETC. (IMPRINT)
Place of publication, distribution, etc. McGraw-Hill:
Name of publisher, distributor, etc. New York;
Date of publication, distribution, etc. 2003
300 ## - PHYSICAL DESCRIPTION
Extent XXXIX,861P.:
Other physical details ill;
Dimensions 16cm.
504 ## - BIBLIOGRAPHY, ETC. NOTE
Bibliography, etc Bibliographical references and index included.
650 ## - SUBJECT ADDED ENTRY--TOPICAL TERM
Topical term or geographic name as entry element Microsoft Office 2003.
9 (RLIN) 16983
942 ## - ADDED ENTRY ELEMENTS (KOHA)
Source of classification or shelving scheme Dewey Decimal Classification
Koha item type Book
Holdings
Withdrawn status Lost status Source of classification or shelving scheme Damaged status Not for loan Home library Current library Date acquired Inventory number Total Checkouts Full call number Barcode Date last seen Price effective from Koha item type Public note Source of acquisition
    Dewey Decimal Classification     Faculty of Management Science Library Faculty of Management Science Library 08/07/2024 08/30875     2024-21828 08/07/2024 08/07/2024 Open Shelf   purchase
    Dewey Decimal Classification     Faculty of Management Science Library Faculty of Management Science Library 08/07/2024 08/29851     2024-21829 08/07/2024 08/07/2024 Open Shelf   purchase
    Dewey Decimal Classification     Main Kihumuro Campus Main Kihumuro Campus 16/05/2024 08/29849   004 KET 2003 2024-0197 16/05/2024 16/05/2024 Book Material in hard copy  
    Other/Generic Classification Scheme     MUST Main Library Main Kihumuro Campus 05/06/2024       2024-20215 05/06/2024 05/06/2024 Book